000 00377nam a2200169Ia 4500
008 210210b1955 xxu||||| |||| 00| 0 eng d
041 _aeng
082 _a828/109
100 _aBUCK (P S)
245 _aMy several worlds
260 _aLondon
_bMethuen & Co Ltd.
_c1955
650 _aworlds
650 _aseveral
650 _aMy
690 _aBiography
906 _a015954
999 _c135343
_d135343